<?xml version="1.0" encoding="UTF-8"?><?xml-stylesheet type="text/xsl" href="static/style.xsl"?><OAI-PMH xmlns="http://www.openarchives.org/OAI/2.0/" xmlns:xsi="http://www.w3.org/2001/XMLSchema-instance" xsi:schemaLocation="http://www.openarchives.org/OAI/2.0/ http://www.openarchives.org/OAI/2.0/OAI-PMH.xsd"><responseDate>2026-06-07T15:17:57Z</responseDate><request verb="GetRecord" identifier="oai:docta.ucm.es:20.500.14352/63285" metadataPrefix="marc">https://docta.ucm.es/rest/oai/request</request><GetRecord><record><header><identifier>oai:docta.ucm.es:20.500.14352/63285</identifier><datestamp>2023-08-02T17:32:06Z</datestamp><setSpec>com_20.500.14352_14</setSpec><setSpec>col_20.500.14352_22</setSpec></header><metadata><record xmlns="http://www.loc.gov/MARC21/slim" xmlns:dcterms="http://purl.org/dc/terms/" xmlns:xsi="http://www.w3.org/2001/XMLSchema-instance" xmlns:doc="http://www.lyncode.com/xoai" xsi:schemaLocation="http://www.loc.gov/MARC21/slim http://www.loc.gov/standards/marcxml/schema/MARC21slim.xsd">
   <leader>00925njm 22002777a 4500</leader>
   <datafield ind2=" " ind1=" " tag="042">
      <subfield code="a">dc</subfield>
   </datafield>
   <datafield ind2=" " ind1=" " tag="720">
      <subfield code="a">Díaz Fernández, Eduardo</subfield>
      <subfield code="e">author</subfield>
   </datafield>
   <datafield ind2=" " ind1=" " tag="260">
      <subfield code="c">2002</subfield>
   </datafield>
   <datafield ind2=" " ind1=" " tag="520">
      <subfield code="a">Se ha caracterizado la unidad de transcripcion del gen lytA, lo que ha permitido el desarrollo de un plasmido de amplio espectro de huesped para el aislamiento y caracterizacion de promotores en bacterias Gram-positivas y Gram-negativas. Se ha estudiado tambien la regulacion celular de la amidasa LYTA en neumococo y se ha observado que esta se sintetiza constitutivamente y se localiza, mediante tecnicas inmunocitoquimicas, preferentesmente en la region del septo de la celula. En E. coli el 80% de la amidasa LYTA se transloca a traves de la membrana citoplasmica sin sufrir aparentemente ningun procesamiento. Para conocer un poco mejor la relacion estructura-funcion en la molecula LYTA se han construido enzimas quimericas funcionales entre la amidasa LYTA y las lisozimas CPLI y CPL7, demostrandose experimentalmente la hipotesis que ..</subfield>
   </datafield>
   <datafield ind1="8" ind2=" " tag="024">
      <subfield code="a">978-84-669-0550-3</subfield>
   </datafield>
   <datafield ind1="8" ind2=" " tag="024">
      <subfield code="a">b21671758</subfield>
   </datafield>
   <datafield ind1="8" ind2=" " tag="024">
      <subfield code="a">https://hdl.handle.net/20.500.14352/63285</subfield>
   </datafield>
   <datafield ind2="0" ind1="0" tag="245">
      <subfield code="a">Estudio mediante ingeniería de proteinas de la autolisina Lyta de Streptococcus pneumoniae</subfield>
   </datafield>
</record></metadata></record></GetRecord></OAI-PMH>